[Event "Skopje MKD"]
[Site "Skopje MKD"]
[Date "2014.03.30"]
[Round "3.32"]
[White "Savic, Miodrag R"]
[Black "Dimitrov, Pavel"]
[Result "1-0"]
[WhiteElo "2536"]
[BlackElo "2333"]
[PlyCount "178"]
[EventDate "2014.03.29"]
[EventType "swiss"]
[EventRounds "9"]

1. e4 e5 2. Nf3 Nc6 3. Bb5 f5 4. d3 fxe4 5. dxe4 Nf6 6. O-O d6 7. Qd3 Be7 8.
Qc4 a6 9. Bxc6+ bxc6 10. Rd1 d5 11. Qxc6+ Bd7 12. Qc3 O-O 13. Nbd2 Bg4 14. Re1
Bxf3 15. Nxf3 Nxe4 16. Qxe5 Kh8 17. Qh5 Bf6 18. c4 c6 19. cxd5 Qxd5 20. Qxd5
cxd5 21. Rd1 Rad8 22. a4 h6 23. Ra3 d4 24. Nd2 Nc3 25. bxc3 dxc3 26. Ra2 Rfe8
27. Kf1 Bg5 28. Re1 Rxe1+ 29. Kxe1 Re8+ 30. Kd1 cxd2 31. Bxd2 Bxd2 32. Kxd2 Re4
33. Kc3 a5 34. Kb3 Rb4+ 35. Ka3 Rd4 36. Rc2 Rd3+ 37. Kb2 Kh7 38. Rc3 Rd2+ 39.
Rc2 Rd3 40. h3 Kg6 41. Rc6+ Kh7 42. Rc5 Rd2+ 43. Rc2 Rd3 44. g3 Rf3 45. Rd2 Kg6
46. Kc1 Kf6 47. Kd1 Ra3 48. Rd4 Ra2 49. Ke1 Ke5 50. Rg4 g5 51. h4 Kf5 52. Rc4
Kg6 53. Kf1 Kf5 54. Kg2 Kg6 55. Kf3 Ra3+ 56. Kg2 gxh4 57. Rxh4 Rb3 58. Rg4+ Kf6
59. Rf4+ Kg6 60. Re4 Ra3 61. Rc4 Kg7 62. f4 Kg6 63. Kh3 Ra1 64. Re4 Rh1+ 65.
Kg2 Ra1 66. Kf3 h5 67. Re6+ Kg7 68. Re4 Kf6 69. Rc4 Ra3+ 70. Kg2 h4 71. gxh4
Kf5 72. h5 Kg4 73. h6 Rg3+ 74. Kf2 Rh3 75. Ke2 Rxh6 76. Kd3 Rd6+ 77. Ke4 Rb6
78. Kd4 Kf5 79. Rc5+ Kxf4 80. Rxa5 Rb4+ 81. Kc5 Re4 82. Ra8 Re5+ 83. Kc6 Ke4
84. a5 Re6+ 85. Kc5 Re5+ 86. Kc4 Re7 87. a6 Rc7+ 88. Kb5 Rc1 89. Kb6 Ra1 1-0

[Event "Skopje MKD"]
[Site "Skopje MKD"]
[Date "2014.03.30"]
[Round "3.33"]
[White "Antipov, Mikhail Al"]
[Black "Minko, Vladimir"]
[Result "1-0"]
[WhiteElo "2507"]
[BlackElo "2295"]
[PlyCount "43"]
[EventDate "2014.03.29"]
[EventType "swiss"]
[EventRounds "9"]

1. e4 c5 2. Nf3 e6 3. b3 b6 4. Bb2 Bb7 5. Nc3 d6 6. d4 cxd4 7. Nxd4 Nf6 8. Qe2
Nbd7 9. O-O-O Be7 10. g4 g6 11. h4 e5 12. Ndb5 Qb8 13. g5 Nh5 14. Nxd6+ Bxd6
15. Qd2 Ke7 16. Nb5 Bxe4 17. Nxd6 Bxh1 18. Nf5+ gxf5 19. Qxd7+ Kf8 20. Bc4 Qe8
21. Qd6+ Qe7 22. Qh6+ 1-0

[Event "Skopje MKD"]
[Site "Skopje MKD"]
[Date "2014.03.30"]
[Round "3.34"]
[White "Colovic, Aleksandar"]
[Black "Doncevic, Dario"]
[Result "1-0"]
[WhiteElo "2493"]
[BlackElo "2304"]
[PlyCount "55"]
[EventDate "2014.03.29"]
[EventType "swiss"]
[EventRounds "9"]

1. d4 Nf6 2. c4 g6 3. Nf3 Bg7 4. g3 d5 5. cxd5 Nxd5 6. Bg2 Nf6 7. Nc3 Nc6 8. e3
O-O 9. O-O e5 10. d5 Ne7 11. e4 Bg4 12. h3 Bxf3 13. Qxf3 c6 14. Rd1 cxd5 15.
exd5 Nf5 16. d6 Rb8 17. Qd3 Qd7 18. b3 Ne8 19. Ba3 Nd4 20. Ne4 b5 21. Rac1 f5
22. Rc7 Qd8 23. Bc5 fxe4 24. Qxe4 Nxd6 25. Rxg7+ Kxg7 26. Qxe5+ Rf6 27. Bxd4
Nf5 28. Qe7+ 1-0

[Event "Skopje MKD"]
[Site "Skopje MKD"]
[Date "2014.03.30"]
[Round "3.41"]
[White "Zlatanovic, Boroljub"]
[Black "Uzumcu, Ahmet Utku"]
[Result "1-0"]
[WhiteElo "2398"]
[BlackElo "1681"]
[PlyCount "93"]
[EventDate "2014.03.29"]
[EventType "swiss"]
[EventRounds "9"]

1. Nc3 e5 2. Nf3 Nc6 3. d4 exd4 4. Nxd4 g6 5. Nd5 Nb4 6. Nb5 Nxd5 7. Qxd5 d6 8.
Qd4 f6 9. e4 a6 10. Nc3 Be6 11. Bc4 Qd7 12. Nd5 Bxd5 13. Bxd5 c5 14. Qd3 Ne7
15. Bf4 Nxd5 16. Qxd5 Qf7 17. O-O-O Rd8 18. Rd3 Qxd5 19. Rxd5 Kd7 20. Rhd1 Kc6
21. g4 Be7 22. Kd2 h5 23. gxh5 Rxh5 24. Rxh5 gxh5 25. c4 b5 26. b3 bxc4 27.
bxc4 Rg8 28. Ke3 Rh8 29. Rg1 Kd7 30. Kd3 Rb8 31. Kc3 Ke6 32. Rg6 Rh8 33. Be3
Kf7 34. Rg1 Rb8 35. Bh6 Bf8 36. Bd2 Bg7 37. Kc2 Rb7 38. Rg3 f5 39. Rf3 Rb2+ 40.
Kd3 Rxa2 41. Rxf5+ Ke6 42. Rxh5 a5 43. Rh7 Bd4 44. Bg5 d5 45. cxd5+ Ke5 46. f4+
Kd6 47. Be7+ 1-0

[Event "Skopje MKD"]
[Site "Skopje MKD"]
[Date "2014.03.30"]
[Round "3.43"]
[White "Halmeenmaki, Tuomo"]
[Black "Peralta, Fernando"]
[Result "0-1"]
[WhiteElo "2177"]
[BlackElo "2613"]
[PlyCount "74"]
[EventDate "2014.03.29"]
[EventType "swiss"]
[EventRounds "9"]

1. Nf3 d5 2. g3 Nf6 3. Bg2 Bf5 4. O-O e6 5. d3 Be7 6. Nbd2 O-O 7. b3 c5 8. Bb2
Nc6 9. Ne5 Nxe5 10. Bxe5 Bg6 11. c4 Qd7 12. cxd5 Nxd5 13. Nc4 Rad8 14. Bb2 Bh5
15. Qd2 f6 16. Ne3 Nb4 17. f4 Rfe8 18. Kh1 Bf7 19. Qc3 Nc6 20. Rac1 Nd4 21. Qe1
Bf8 22. g4 b5 23. Qf2 Rc8 24. Rfd1 a5 25. Nc2 e5 26. e3 Nxc2 27. Rxc2 Qxg4 28.
Bf3 Qd7 29. fxe5 fxe5 30. Be4 Bd5 31. Rg1 c4 32. bxc4 Rxc4 33. Bxd5+ Qxd5+ 34.
e4 Qxd3 35. Rxc4 Qxc4 36. Qf5 Qxa2 37. Bxe5 Qe6 0-1

[Event "Skopje MKD"]
[Site "Skopje MKD"]
[Date "2014.03.30"]
[Round "3.44"]
[White "Peczely, Sebastian Zsombor"]
[Black "Nedev, Trajce"]
[Result "0-1"]
[WhiteElo "2182"]
[BlackElo "2504"]
[PlyCount "58"]
[EventDate "2014.03.29"]
[EventType "swiss"]
[EventRounds "9"]

1. e4 c5 2. Nf3 Nc6 3. d4 cxd4 4. Nxd4 e5 5. Nb5 d6 6. N5c3 Nf6 7. Bg5 Be7 8.
Bxf6 Bxf6 9. Bc4 O-O 10. O-O Bg5 11. Bd5 Kh8 12. Na3 Be6 13. Ncb5 Be7 14. Nc4
Qd7 15. a4 Rad8 16. a5 f5 17. c3 fxe4 18. a6 Nd4 19. Bxe6 Nxe6 20. Qd5 bxa6 21.
Rxa6 Nf4 22. Qc6 Qg4 23. Ne3 Nh3+ 24. Kh1 Nxf2+ 25. Rxf2 Rxf2 26. Ra1 Rdf8 27.
Rg1 Qe2 28. Qd7 Qxe3 29. Qxe7 Rf1 0-1

[Event "Skopje MKD"]
[Site "Skopje MKD"]
[Date "2014.03.30"]
[Round "3.45"]
[White "Thiel, Kuno"]
[Black "Henrichs, Thomas"]
[Result "0-1"]
[WhiteElo "2168"]
[BlackElo "2496"]
[PlyCount "70"]
[EventDate "2014.03.29"]
[EventType "swiss"]
[EventRounds "9"]

1. Nf3 Nf6 2. c4 g6 3. g3 Bg7 4. Bg2 d5 5. cxd5 Nxd5 6. O-O O-O 7. Nc3 Nb6 8.
a4 a5 9. d3 Nc6 10. Qb3 Bg4 11. Be3 e5 12. Rac1 Nd4 13. Bxd4 exd4 14. Ne4 c6
15. Nc5 Rb8 16. h3 Bc8 17. Rfe1 Nd5 18. Qd1 Re8 19. Nb3 Nb4 20. Qd2 Be6 21. Na1
Na2 22. Rb1 Qb6 23. h4 h6 24. Qf4 Rbd8 25. h5 g5 26. Nxg5 hxg5 27. Qxg5 f6 28.
Qh4 Qc7 29. h6 Bh8 30. Be4 f5 31. Qg5+ Kf8 32. Bxf5 Rd5 33. g4 Bxf5 34. gxf5
Qf7 35. h7 Qxh7 0-1

[Event "Skopje MKD"]
[Site "Skopje MKD"]
[Date "2014.03.30"]
[Round "3.46"]
[White "Brzezinski, Adam"]
[Black "Todorovic, Goran M"]
[Result "1/2-1/2"]
[WhiteElo "2165"]
[BlackElo "2476"]
[PlyCount "192"]
[EventDate "2014.03.29"]
[EventType "swiss"]
[EventRounds "9"]

1. Nf3 d5 2. c4 d4 3. b4 g6 4. d3 Bg7 5. g3 e5 6. Bg2 Ne7 7. O-O a5 8. b5 c5 9.
a4 O-O 10. Ra2 Nf5 11. e3 dxe3 12. fxe3 Be6 13. Nc3 h6 14. Re2 Nd7 15. Nd2 Ra7
16. Nb3 b6 17. Nd5 Kh7 18. Ref2 f6 19. Qe2 Nb8 20. Bb2 Rd7 21. Nc1 Rdf7 22. Na2
Nd6 23. Nac3 Nd7 24. e4 Re8 25. Ne3 Nf8 26. Kh1 Bc8 27. Ncd5 h5 28. Bc3 Kg8 29.
Qd1 Nh7 30. Qd2 Bh6 31. Qe2 Ref8 32. h4 Ne8 33. Kh2 Ng7 34. Bb2 Qd6 35. Nd1 Ne6
36. Bh3 Bb7 37. N1e3 Kg7 38. Bc3 Kg8 39. Qe1 Nd4 40. Bd2 Bg7 41. Bc3 Re8 42.
Ra2 Rff8 43. Raf2 Ne6 44. Qe2 Nd8 45. Qe1 Nf7 46. Qe2 Nh6 47. Qd1 Rf7 48. Qe1
Qd8 49. Qd2 Nf8 50. Nc2 Ne6 51. Nxf6+ Rxf6 52. Rxf6 Bxf6 53. Qxh6 Nf8 54. Qd2
Bg7 55. Qe2 Ne6 56. Ne3 Nd4 57. Qg2 Rf8 58. Nd5 g5 59. hxg5 Bxd5 60. exd5 Qxg5
61. Rxf8+ Bxf8 62. Qe4 Kg7 63. Bg2 Bd6 64. Be1 Nf5 65. Bf2 Nh6 66. Bh3 Ng4+ 67.
Bxg4 hxg4 68. Kg2 Qg6 69. Qe2 Qf5 70. Be1 Kg6 71. Bd2 Kf7 72. Qe3 Qf6 73. Kg1
Qf5 74. Bc1 Ke8 75. Qe2 Kf7 76. Bh6 Kg6 77. Be3 Kf7 78. Bf2 Kg6 79. Kf1 Kf7 80.
Ke1 Ke8 81. Kd1 Kd7 82. Kc2 Be7 83. Be3 Bf6 84. Bd2 Be7 85. Qe3 Bf6 86. Qe2 Ke7
87. Qg2 Kd6 88. Qh1 Qg6 89. Qh6 Qxh6 90. Bxh6 Ke7 91. Kd2 Kf7 92. Ke3 Be7 93.
Ke4 Kf6 94. Bd2 Bd6 95. Be3 Bc7 96. Bc1 Bd6 1/2-1/2

[Event "Skopje MKD"]
[Site "Skopje MKD"]
[Date "2014.03.30"]
[Round "3.47"]
[White "Krstev, Emil"]
[Black "Dimitrov, Radoslav"]
[Result "0-1"]
[WhiteElo "2156"]
[BlackElo "2459"]
[PlyCount "74"]
[EventDate "2014.03.29"]
[EventType "swiss"]
[EventRounds "9"]

1. b4 c5 2. b5 b6 3. Bb2 Bb7 4. c4 e6 5. e3 Nf6 6. Nf3 d5 7. Be2 Nbd7 8. Nc3
Bd6 9. a4 O-O 10. O-O Qc7 11. h3 dxc4 12. Bxc4 Ne5 13. Nxe5 Bxe5 14. f4 Bxc3
15. Bxc3 Qe7 16. Qe2 Ne4 17. Bb2 Rad8 18. d3 Nd6 19. Bb3 Nf5 20. e4 Nd4 21.
Bxd4 Rxd4 22. f5 Bc8 23. f6 gxf6 24. Qg4+ Kh8 25. Qh4 Rxd3 26. Bc2 Rd2 27. Rf2
Rxf2 28. Kxf2 e5 29. Ra3 Rd8 30. Rg3 c4 31. Bd1 Qc5+ 32. Kf1 Rxd1+ 33. Ke2 Qd6
34. Qh6 Bg4+ 35. hxg4 Ra1 36. Rh3 Qd1+ 37. Kf2 Qe1+ 0-1

[Event "Skopje MKD"]
[Site "Skopje MKD"]
[Date "2014.03.30"]
[Round "3.48"]
[White "Pastar, Slaven"]
[Black "Bogdanovski, Vlatko"]
[Result "0-1"]
[WhiteElo "2152"]
[BlackElo "2447"]
[PlyCount "61"]
[EventDate "2014.03.29"]
[EventType "swiss"]
[EventRounds "9"]

1. g3 d5 2. Bg2 c6 3. Nf3 Bg4 4. O-O Nd7 5. d3 Ngf6 6. Nbd2 e5 7. e4 Bd6 8. Qe2
O-O 9. h3 Bh5 10. g4 Bg6 11. Nh4 Re8 12. Nf5 Nc5 13. Re1 Ne6 14. Nf1 Bc7 15.
N1g3 h6 16. h4 dxe4 17. dxe4 Nf4 18. Qf3 Nh7 19. Be3 Nf8 20. Bf1 Qf6 21. Rad1
Rad8 22. Bc4 N8e6 23. Rxd8 Rxd8 24. Rd1 b5 25. Bf1 Bb6 26. c4 b4 27. a3 bxa3
28. bxa3 c5 29. a4 Bc7 30. Rb1 Nd4 31. Qd1 {......} 0-1

[Event "Skopje MKD"]
[Site "Skopje MKD"]
[Date "2014.03.30"]
[Round "3.49"]
[White "Petkovski, Vlatko"]
[Black "Sanal, Vahap"]
[Result "0-1"]
[WhiteElo "2147"]
[BlackElo "2442"]
[PlyCount "84"]
[EventDate "2014.03.29"]
[EventType "swiss"]
[EventRounds "9"]

1. e4 e5 2. Nf3 Nc6 3. Bb5 a6 4. Ba4 Nf6 5. O-O Be7 6. Re1 b5 7. Bb3 O-O 8. h3
Bb7 9. c3 d5 10. exd5 Nxd5 11. d3 Qd6 12. a4 Nf4 13. Bxf4 exf4 14. d4 Na5 15.
Bc2 g6 16. axb5 axb5 17. Nbd2 Nc6 18. Qe2 Rxa1 19. Rxa1 b4 20. Bb3 Kg7 21. Re1
Bd8 22. Ne4 Qd7 23. Nc5 Qc8 24. cxb4 Bf6 25. Qc4 Ba8 26. d5 Ne7 27. Qe4 Rd8 28.
Rd1 g5 29. Bc2 Ng6 30. Nd4 Re8 31. Nf5+ Kf8 32. Qf3 Re5 33. Nh6 Bg7 34. Ng4 Re7
35. Bb3 Bxb2 36. Qd3 h5 37. Nh6 Qe8 38. Rd2 Re1+ 39. Kh2 Be5 40. Qf5 f3+ 41. g3
Bxg3+ 42. Kxg3 Rh1 0-1

[Event "Skopje MKD"]
[Site "Skopje MKD"]
[Date "2014.03.30"]
[Round "3.50"]
[White "Arsovic, Goran"]
[Black "Kacakovski, Dimitar"]
[Result "1-0"]
[WhiteElo "2434"]
[BlackElo "2143"]
[PlyCount "57"]
[EventDate "2014.03.29"]
[EventType "swiss"]
[EventRounds "9"]

1. d4 d5 2. Nf3 c5 3. c4 e6 4. cxd5 exd5 5. g3 Nc6 6. Bg2 Nf6 7. O-O Be7 8. Nc3
O-O 9. Bg5 c4 10. Ne5 Be6 11. e3 h6 12. Bxf6 Bxf6 13. f4 Ne7 14. g4 b5 15. Qf3
b4 16. Ne2 Qc7 17. Qg3 Rad8 18. h4 Bc8 19. Rf2 h5 20. f5 Bxe5 21. dxe5 hxg4 22.
f6 gxf6 23. Rxf6 Kg7 24. Raf1 Ng8 25. Qf4 Kh8 26. Qg5 Rde8 27. Qh5+ Kg7 28.
Bxd5 Rxe5 29. Rxf7+ 1-0

[Event "Skopje MKD"]
[Site "Skopje MKD"]
[Date "2014.03.30"]
[Round "3.51"]
[White "Karavade, Eesha"]
[Black "Alishani, Ibrahim"]
[Result "1-0"]
[WhiteElo "2408"]
[BlackElo "2110"]
[PlyCount "93"]
[EventDate "2014.03.29"]
[EventType "swiss"]
[EventRounds "9"]

1. d4 Nf6 2. c4 e6 3. Nc3 d5 4. cxd5 exd5 5. Bg5 Nbd7 6. e3 c6 7. Bd3 Bd6 8.
Qc2 h6 9. Bh4 O-O 10. Nge2 Re8 11. h3 Nf8 12. g4 Be7 13. Bg3 Bd6 14. Bh4 Be7
15. f3 N6h7 16. Bg3 Bb4 17. Kf2 a6 18. h4 c5 19. a3 Bxc3 20. Qxc3 c4 21. Bc2 b5
22. Rag1 Ra7 23. Bf4 Ng6 24. g5 h5 25. Ng3 Nxf4 26. exf4 g6 27. Re1 Rae7 28.
Re5 Nf8 29. Rhe1 Qd6 30. Qb4 Qxb4 31. axb4 Rxe5 32. dxe5 Bb7 33. Ne2 Kg7 34.
Ke3 Ne6 35. f5 gxf5 36. Bxf5 Nxg5 37. f4 Ne6 38. Rg1+ Kh6 39. Bc2 Ng7 40. Nd4
Bc8 41. Rg5 Bg4 42. Kd2 Bh3 43. f5 Rxe5 44. f6 Bf5 45. Bxf5 Nxf5 46. Nxf5+ Kh7
47. Rg7+ 1-0

[Event "Skopje MKD"]
[Site "Skopje MKD"]
[Date "2014.03.30"]
[Round "3.52"]
[White "Valsecchi, Alessio"]
[Black "Percivaldi, Martin"]
[Result "1-0"]
[WhiteElo "2407"]
[BlackElo "2109"]
[PlyCount "77"]
[EventDate "2014.03.29"]
[EventType "swiss"]
[EventRounds "9"]

1. c4 c5 2. g3 g6 3. Bg2 Bg7 4. Nc3 Nc6 5. a3 d6 6. Nf3 Bf5 7. O-O Qd7 8. b4
cxb4 9. axb4 Nxb4 10. Qb3 Nc6 11. Bb2 e5 12. Nd5 Rc8 13. Ng5 h6 14. Ne4 Bxe4
15. Bxe4 Nf6 16. Nxf6+ Bxf6 17. f4 O-O 18. e3 Rc7 19. Bc3 b6 20. Rf2 Ne7 21.
Raf1 Qe6 22. d3 exf4 23. Bxf6 Qxf6 24. Rxf4 Qe5 25. c5 d5 26. cxb6 axb6 27. d4
Qe6 28. Bg2 f5 29. e4 Rd7 30. g4 g5 31. Rxf5 Nxf5 32. gxf5 Qc6 33. e5 b5 34. f6
Rb8 35. Qh3 Rh7 36. Qf5 Rf8 37. e6 Qc4 38. f7+ Kh8 39. Qf6+ 1-0

[Event "Skopje MKD"]
[Site "Skopje MKD"]
[Date "2014.03.30"]
[Round "3.53"]
[White "Cabrilo, Goran"]
[Black "Stosevski, Ilja"]
[Result "1-0"]
[WhiteElo "2406"]
[BlackElo "2108"]
[PlyCount "49"]
[EventDate "2014.03.29"]
[EventType "swiss"]
[EventRounds "9"]

1. e4 g6 2. d4 Bg7 3. Nc3 d6 4. f4 Nf6 5. Nf3 O-O 6. Bd3 Na6 7. O-O c5 8. d5
Qa5 9. Kh1 b5 10. e5 dxe5 11. fxe5 Ng4 12. Nxb5 Nb4 13. Bc4 Ba6 14. a4 Bxb5 15.
Bxb5 Rad8 16. d6 a6 17. Bc4 Nxe5 18. Nxe5 Bxe5 19. dxe7 Rxd1 20. Bxf7+ Kg7 21.
Bh6+ Kxh6 22. exf8=Q+ Bg7 23. Qe7 Rxf1+ 24. Rxf1 Bxb2 25. Bc4 1-0

[Event "Skopje MKD"]
[Site "Skopje MKD"]
[Date "2014.03.30"]
[Round "3.54"]
[White "Balokas, Dimitrios"]
[Black "Petrisor, Adrian Marian"]
[Result "0-1"]
[WhiteElo "2085"]
[BlackElo "2406"]
[PlyCount "70"]
[EventDate "2014.03.29"]
[EventType "swiss"]
[EventRounds "9"]

1. Nf3 g6 2. c4 Bg7 3. Nc3 d6 4. d4 Nd7 5. g3 e5 6. dxe5 dxe5 7. Bg2 Ne7 8. O-O
O-O 9. Qc2 h6 10. Rd1 Nf5 11. e3 c6 12. b3 Re8 13. Bb2 a5 14. Rd2 Qc7 15. Ne4
Nf6 16. Rad1 Nxe4 17. Qxe4 h5 18. h3 a4 19. Qc2 axb3 20. axb3 Ne7 21. e4 c5 22.
Bc3 Nc6 23. Qb2 Nd4 24. Kh2 Be6 25. Ne1 Reb8 26. Bxd4 exd4 27. Nd3 b5 28. Qc2
bxc4 29. bxc4 Bh6 30. Re2 Ra3 31. Nb2 h4 32. e5 hxg3+ 33. fxg3 Be3 34. Bd5 Bf5
35. Be4 Ra2 0-1

[Event "Skopje MKD"]
[Site "Skopje MKD"]
[Date "2014.03.30"]
[Round "3.55"]
[White "Westerberg, Jonathan"]
[Black "Saracy, Nderim"]
[Result "0-1"]
[WhiteElo "2402"]
[BlackElo "2090"]
[PlyCount "120"]
[EventDate "2014.03.29"]
[EventType "swiss"]
[EventRounds "9"]

1. d4 d5 2. Nf3 Nf6 3. g3 g6 4. Bg2 Bg7 5. O-O O-O 6. c4 c6 7. b3 Bf5 8. Bb2
Nbd7 9. Nbd2 Rc8 10. Rc1 Ne4 11. cxd5 cxd5 12. Rxc8 Qxc8 13. Nh4 Ndf6 14. Nxf5
Qxf5 15. Nxe4 Nxe4 16. f3 Nd6 17. a4 Qe6 18. Qd3 f5 19. Bc1 Rc8 20. Bd2 Qf6 21.
e3 e6 22. Rc1 Rxc1+ 23. Bxc1 Qd8 24. Ba3 Qc7 25. Bf1 Bf8 26. Bc5 b6 27. Bb4 Nf7
28. Bd2 Ba3 29. Qb1 a5 30. Bd3 Bd6 31. Kg2 Nd8 32. e4 Nc6 33. exd5 exd5 34. Qg1
Kf7 35. Qf2 Be7 36. Bf4 Bd6 37. Bb5 Bxf4 38. gxf4 Nd8 39. Qh4 h5 40. Qe1 Ne6
41. Be8+ Kf6 42. Qe5+ Qxe5 43. fxe5+ Ke7 44. Bc6 Nxd4 45. Bxd5 Nc2 46. Kg3 g5
47. f4 h4+ 48. Kh3 Ne3 49. Bc4 gxf4 50. Kxh4 Nxc4 51. bxc4 Ke6 52. Kh3 Kxe5 53.
Kg2 Ke4 54. Kf2 f3 55. Kf1 Ke3 56. h3 f2 57. h4 Kf4 58. Kxf2 Kg4 59. Ke3 f4+
60. Ke4 f3 0-1

[Event "Skopje MKD"]
[Site "Skopje MKD"]
[Date "2014.03.30"]
[Round "3.56"]
[White "Velikic, Adela"]
[Black "Dancevski, Orce"]
[Result "1/2-1/2"]
[WhiteElo "2078"]
[BlackElo "2388"]
[PlyCount "51"]
[EventDate "2014.03.29"]
[EventType "swiss"]
[EventRounds "9"]

1. e4 c5 2. Nf3 d6 3. d4 cxd4 4. Nxd4 Nf6 5. Nc3 Nc6 6. Bg5 e6 7. Qd2 a6 8.
O-O-O h6 9. Bf4 Bd7 10. Nxc6 Bxc6 11. f3 e5 12. Be3 b5 13. g4 b4 14. Nd5 Bxd5
15. exd5 Qa5 16. Kb1 Nd7 17. f4 Be7 18. h4 Rb8 19. Bh3 exf4 20. Bxf4 Nc5 21.
Rhe1 Na4 22. Rxe7+ Kxe7 23. Bxd6+ Kxd6 24. Qf4+ Kc5 25. Qd4+ Kd6 26. Qf4+
1/2-1/2

[Event "Skopje MKD"]
[Site "Skopje MKD"]
[Date "2014.03.30"]
[Round "3.57"]
[White "Kojovic, Dragan"]
[Black "Logallo, Claudio"]
[Result "1/2-1/2"]
[WhiteElo "2387"]
[BlackElo "2074"]
[PlyCount "97"]
[EventDate "2014.03.29"]
[EventType "swiss"]
[EventRounds "9"]

1. e4 c5 2. Nc3 a6 3. f4 b5 4. Nf3 e6 5. g3 Bb7 6. d3 Nc6 7. Bg2 d6 8. O-O Qc7
9. a4 b4 10. Ne2 Be7 11. Be3 Nh6 12. h3 f5 13. Ng5 Nd8 14. c3 bxc3 15. bxc3 g6
16. Rb1 Bc6 17. Qb3 Bxg5 18. fxg5 Nhf7 19. Nf4 O-O 20. h4 Qd7 21. a5 Ne5 22.
exf5 gxf5 23. d4 c4 24. Qa2 Ng4 25. Rfe1 Bxg2 26. Qxg2 Rc8 27. Bc1 Re8 28. Ba3
Qa4 29. Bb4 Qd7 30. Re2 Rb8 31. Rbe1 Rb5 32. Qa8 Nc6 33. Qxa6 Nxb4 34. cxb4 e5
35. Nh5 Rxb4 36. dxe5 dxe5 37. Nf6+ Nxf6 38. Qxf6 Qd4+ 39. Kg2 Qd5+ 40. Kh3 e4
41. g6 Qe6 42. gxh7+ Kxh7 43. Qxe6 Rxe6 44. Ra1 Ra6 45. Rd2 Rb5 46. Rd7+ Kg6
47. Rc7 Raxa5 48. Rc6+ Kf7 49. Rxa5 1/2-1/2

[Event "Skopje MKD"]
[Site "Skopje MKD"]
[Date "2014.03.30"]
[Round "3.58"]
[White "Hoffmann, Max"]
[Black "Nestorovic, Lazar"]
[Result "0-1"]
[WhiteElo "2063"]
[BlackElo "2381"]
[PlyCount "124"]
[EventDate "2014.03.29"]
[EventType "swiss"]
[EventRounds "9"]

1. Nf3 Nf6 2. c4 g6 3. b4 Bg7 4. Bb2 O-O 5. g3 a5 6. a3 d6 7. Bg2 e5 8. d3 Nh5
9. Nc3 f5 10. O-O Nc6 11. b5 Ne7 12. Qc2 h6 13. Na4 Be6 14. Nd2 Qc8 15. d4 e4
16. d5 Bf7 17. Bxg7 Kxg7 18. f3 exf3 19. exf3 Qd7 20. Rae1 Nc8 21. f4 Nb6 22.
Nc3 Qd8 23. Ne2 Qf6 24. Qd3 Nd7 25. Nb3 a4 26. Nbd4 Nc5 27. Qc2 Kg8 28. Qd1 Qg7
29. Nc3 Rfe8 30. Bf3 Nb3 31. Nce2 Nf6 32. Nxb3 axb3 33. Qxb3 Nd7 34. Rc1 g5 35.
Rfe1 Nc5 36. Qc3 gxf4 37. Qxg7+ Kxg7 38. Nxf4 Rxe1+ 39. Rxe1 Rxa3 40. Kg2 Kf6
41. Rb1 b6 42. Rc1 Nb3 43. Re1 Nd2 44. Nh5+ Kg5 45. h4+ Kg6 46. Nf4+ Kg7 47.
Bh5 Bxh5 48. Nxh5+ Kf7 49. Re6 Nxc4 50. Rf6+ Ke7 51. Re6+ Kd7 52. Nf4 Ne3+ 53.
Kh2 Ng4+ 54. Kg2 Ra2+ 55. Kg1 Rb2 56. Rg6 Rxb5 57. Rg7+ Kc8 58. Rh7 Rb1+ 59.
Kg2 Rb2+ 60. Kg1 b5 61. Kf1 b4 62. Ke1 b3 0-1

[Event "Skopje MKD"]
[Site "Skopje MKD"]
[Date "2014.03.30"]
[Round "3.59"]
[White "Posedaru, Bogdan Stefan"]
[Black "Ilic, Slobodan S"]
[Result "1-0"]
[WhiteElo "2381"]
[BlackElo "2055"]
[PlyCount "153"]
[EventDate "2014.03.29"]
[EventType "swiss"]
[EventRounds "9"]

1. d4 Nf6 2. c4 e6 3. Nc3 d5 4. cxd5 exd5 5. Bg5 c6 6. Qc2 Na6 7. a3 h6 8. Bh4
Nc7 9. e3 Bd6 10. Bd3 O-O 11. Nf3 Re8 12. O-O Ne6 13. Ne5 Nf8 14. f4 Be7 15.
Bf2 Ng4 16. Nxg4 Bxg4 17. f5 Bh5 18. h3 f6 19. e4 Bd6 20. exd5 cxd5 21. Bb5 Nd7
22. Nxd5 Bf7 23. Ne3 Re7 24. Bc4 Nb6 25. Bxf7+ Rxf7 26. Rac1 Re7 27. Rfe1 Rc8
28. Qb3+ Kh7 29. g3 Rxc1 30. Rxc1 Qd7 31. Qd3 Qe8 32. Kg2 Qd7 33. Rc2 Bb8 34.
b3 Re8 35. a4 Re7 36. d5 Nc8 37. Nc4 b6 38. Qf3 Re8 39. Rd2 Nd6 40. Nxd6 Bxd6
41. Qg4 Qf7 42. h4 Kg8 43. Qf3 Rd8 44. Rd3 Qd7 45. Bd4 Bb8 46. Bc3 Bd6 47. Rd2
Kf8 48. Re2 Be7 49. Rd2 Bd6 50. Rd1 Qb7 51. Kh3 Qd7 52. Re1 Bc5 53. b4 Bd6 54.
Re6 Be7 55. Qe4 Kf7 56. b5 Bf8 57. Rc6 Qxd5 58. Qe6+ Qxe6 59. fxe6+ Ke8 60. Kg4
Bd6 61. a5 Ke7 62. axb6 axb6 63. Rxb6 g6 64. Rc6 Ra8 65. Bxf6+ Kxf6 66. Rxd6
Ra4+ 67. Kh3 Ke7 68. Rc6 Rb4 69. b6 Rb3 70. Kg4 Rb4+ 71. Kf3 Rb3+ 72. Kf4 Rb4+
73. Ke5 Rb5+ 74. Kd4 Rb4+ 75. Kd5 Rb5+ 76. Rc5 Rxb6 77. Rc7+ 1-0

[Event "Skopje MKD"]
[Site "Skopje MKD"]
[Date "2014.03.30"]
[Round "3.60"]
[White "Radovanovic, Dusan"]
[Black "Hadzi Manev, Ljubomir"]
[Result "1-0"]
[WhiteElo "2379"]
[BlackElo "2034"]
[PlyCount "63"]
[EventDate "2014.03.29"]
[EventType "swiss"]
[EventRounds "9"]

1. e4 c6 2. d4 d5 3. e5 Bf5 4. h4 h5 5. Bg5 Qb6 6. Bd3 Bxd3 7. Qxd3 e6 8. Nd2
Qa6 9. c4 Nd7 10. b3 Ne7 11. Ngf3 f6 12. exf6 gxf6 13. Bf4 Kf7 14. O-O Nf5 15.
Rfe1 Re8 16. Rac1 Bd6 17. Bxd6 Nxd6 18. Nf1 dxc4 19. bxc4 Qxa2 20. Ne3 Qa5 21.
Ra1 Qc7 22. Rxa7 Kg7 23. g3 Ra8 24. Rxa8 Rxa8 25. Ng2 Nf8 26. Nf4 Qf7 27. c5
Nb5 28. d5 Ra2 29. Qe2 cxd5 30. Ne5 fxe5 31. Qxe5+ Kh7 32. Qg5 1-0

[Event "Skopje MKD"]
[Site "Skopje MKD"]
[Date "2014.03.30"]
[Round "3.61"]
[White "Schleich, Theodor"]
[Black "Maier, Christian"]
[Result "0-1"]
[WhiteElo "2052"]
[BlackElo "2376"]
[PlyCount "68"]
[EventDate "2014.03.29"]
[EventType "swiss"]
[EventRounds "9"]

1. d4 Nf6 2. Bg5 e6 3. e4 d5 4. e5 h6 5. Be3 Nfd7 6. Bd3 c5 7. c3 Nc6 8. a3 a6
9. Nf3 cxd4 10. cxd4 Nb6 11. Nbd2 Bd7 12. O-O Na7 13. Qe2 Be7 14. Ne1 g6 15. f4
h5 16. Nef3 Bb5 17. Ng5 Qd7 18. Rac1 Rc8 19. Rxc8+ Qxc8 20. Nb3 Bxd3 21. Qxd3
Qc4 22. Qd1 Qb5 23. Bc1 Nc6 24. Rf3 a5 25. Rc3 Nc4 26. Nd2 Nxd4 27. Nxc4 dxc4
28. Be3 Nf5 29. Bf2 Bxg5 30. fxg5 O-O 31. Qc2 Rc8 32. b3 Qxe5 33. bxc4 Nd4 34.
Bxd4 Qe1# 0-1

[Event "Skopje MKD"]
[Site "Skopje MKD"]
[Date "2014.03.30"]
[Round "3.62"]
[White "Bulmaga, Irina"]
[Black "Zekaj, Dritan"]
[Result "1-0"]
[WhiteElo "2375"]
[BlackElo "2031"]
[PlyCount "63"]
[EventDate "2014.03.29"]
[EventType "swiss"]
[EventRounds "9"]

1. e4 d5 2. exd5 Qxd5 3. Nc3 Qa5 4. d4 Nf6 5. Bc4 c6 6. Bd2 Bf5 7. Nd5 Qd8 8.
Nxf6+ gxf6 9. Nf3 e6 10. Bb3 Bg6 11. Qe2 Nd7 12. O-O-O Bd6 13. Nh4 Qc7 14. g3
O-O-O 15. Nxg6 hxg6 16. h4 f5 17. Kb1 Rhe8 18. h5 gxh5 19. Rxh5 Nf6 20. Rh6 Ne4
21. Be1 Rh8 22. Rxh8 Rxh8 23. g4 Rh2 24. gxf5 exf5 25. Qf3 Qd7 26. c4 Bc7 27.
Qe3 Qe8 28. Bc2 Qe6 29. d5 cxd5 30. cxd5 Qg6 31. Qxa7 Bb6 32. Qa8+ 1-0

[Event "Skopje MKD"]
[Site "Skopje MKD"]
[Date "2014.03.30"]
[Round "3.63"]
[White "Blagojevic, Tijana"]
[Black "Milenkovic, Mladen"]
[Result "1/2-1/2"]
[WhiteElo "2028"]
[BlackElo "2373"]
[PlyCount "67"]
[EventDate "2014.03.29"]
[EventType "swiss"]
[EventRounds "9"]

1. e4 c5 2. Nf3 Nc6 3. Bb5 g6 4. Bxc6 bxc6 5. O-O Bg7 6. Re1 Nh6 7. c3 O-O 8.
d4 cxd4 9. cxd4 f6 10. Nc3 Nf7 11. Be3 d6 12. d5 c5 13. Rc1 Rb8 14. b3 Qa5 15.
Bd2 Bd7 16. Qe2 Rfe8 17. Na4 Qb5 18. Qd1 Qa6 19. Nc3 Qb7 20. Bf4 e5 21. dxe6
Rxe6 22. Nd2 Rbe8 23. Re3 g5 24. Bg3 f5 25. exf5 Rxe3 26. fxe3 Rxe3 27. Ne2
Bxf5 28. Nc4 Rd3 29. Qf1 Qe4 30. Re1 Qd5 31. Nc1 Rxg3 32. Re8+ Bf8 33. hxg3 Bd7
34. Rb8 1/2-1/2